000 00659nam a2200193Ia 4500
001 2938
003 GE_BSU
008 181216s||||||||xx |||||||||||||| ||und||
040 _cGE_BSU
080 _a665.63
245 _aТехнология переработки нефти и газа, нефтохимия. Труды грознии. Выпуск XV.
245 _cВед. ред. С.И.Бабушкина.
260 _aМ.
260 _bГостоптехиздат.
260 _c1963.
300 _a274 стр. с илл. 22 см.
653 _aТехнология переработки нефти и газа, нефтохимия.
942 _cBK
999 _c36986
_d36986